MARC

LEADER 00000nam0a2200000 4500
001 153133
005 20231031151243.0
035 |a (RuTPU)RU\TPU\book\166135 
090 |a 153133 
100 |a 20090209d1970 m y0rusy50 ca 
101 0 |a rus 
102 |a RU 
105 |a a z 001zy 
200 1 |a Современные барабанные вакуум-фильтры  |f Центральный институт научно-технической информации и технико-экономических исследований по химическому и нефтяному машиностроению (ЦИНТИХИМНЕФТЕМАШ) 
210 |a Москва  |c ЦНИИТЭнефтехим  |d 1970 
215 |a 40 с.  |c ил. 
225 1 |a Химическое и нефтеперерабатывающее машиностроение 
610 1 |a вакуум-фильтры 
610 1 |a барабанные вакуум-фильтры 
610 1 |a фильтровальные агрегаты 
675 |a 66.06  |v 3 
712 0 2 |a Центральный институт научно-технической информации и технико-экономических исследований по химическому и нефтяному машиностроению (ЦИНТИХИМНЕФТЕМАШ)  |2 stltpush  |3 (RuTPU)RU\TPU\col\10810 
801 1 |a RU  |b 63413507  |c 20090209  |g PSBO 
801 2 |a RU  |b 63413507  |c 20090721  |g PSBO 
942 |c BK